000 00608nam a2200241Ia 4500
003 OSt
005 20221005133102.0
006 a|||||r|||| 00| 0
007 ta
008 221004b |||||||| |||| 00| 0 kan d
024 _a60491
037 _cTextual
040 _aCRL
_cCRL
_bkan
041 _2kan
_akan
082 _aO33,3NBH4,4, K2
100 _aSutha Bharti Au.
_9642051
245 0 _aVidyana magalu
260 _c1962
650 _a KANNAD LITERATURE
650 _aKANNAD FICTION
942 _hO33,3NBH4,4, K2
_cTEXL
_2cc
999 _c1065685
_d1065685